[Event "Montcada"]
[Site "Montcada"]
[Date "2018.06.26"]
[Round "2.1"]
[White "Ramirez Garcia, Jorge Alberto"]
[Black "Martinez Alcantara, Jose Eduardo"]
[Result "0-1"]
[BlackElo "2539"]
[WhiteElo "2330"]
[LiveChessVersion "1.4.8"]

1. d4 {[%clk 1:28:21]} Nf6 {[%clk 1:29:11]} 2. Bg5 {[%clk 1:28:45]} Ne4
{[%clk 1:28:11]} 3. Bf4 {[%clk 1:28:57]} d5 {[%clk 1:28:38]} 4. e3
{[%clk 1:28:36]} c5 {[%clk 1:29:03]} 5. Bd3 {[%clk 1:27:32]} Nf6 {[%clk 1:29:31]}
6. c3 {[%clk 1:26:27]} Nc6 {[%clk 1:28:19]} 7. Nf3 {[%clk 1:26:03]} Bg4
{[%clk 1:27:43]} 8. Nbd2 {[%clk 1:26:10]} e6 {[%clk 1:27:22]} 9. O-O
{[%clk 1:25:53]} Be7 {[%clk 1:25:50]} 10. h3 {[%clk 1:21:34]} Bh5
{[%clk 1:24:55]} 11. Re1 {[%clk 1:15:09]} O-O {[%clk 1:24:18]} 12. Qe2
{[%clk 0:56:27]} Rc8 {[%clk 1:21:24]} 13. g4 {[%clk 0:49:37]} Bg6
{[%clk 1:21:38]} 14. Bxg6 {[%clk 0:49:38]} hxg6 {[%clk 1:21:55]} 15. Qb5
{[%clk 0:46:54]} b6 {[%clk 1:15:10]} 16. Rad1 {[%clk 0:44:30]} Qd7
{[%clk 1:09:42]} 17. a4 {[%clk 0:35:22]} cxd4 {[%clk 1:08:29]} 18. exd4
{[%clk 0:34:08]} Qb7 {[%clk 1:08:07]} 19. Qd3 {[%clk 0:30:06]} a6
{[%clk 1:08:11]} 20. Ng5 {[%clk 0:28:39]} b5 {[%clk 1:04:50]} 21. axb5
{[%clk 0:26:28]} Qxb5 {[%clk 1:04:52]} 22. Ndf3 {[%clk 0:24:13]} Qxb2
{[%clk 0:56:00]} 23. Qxa6 {[%clk 0:20:48]} Qa3 {[%clk 0:56:04]} 24. Qd3
{[%clk 0:20:16]} Qb3 {[%clk 0:50:53]} 25. Nd2 {[%clk 0:15:45]} Qb6
{[%clk 0:48:26]} 26. Rxe6 {[%clk 0:12:07]} fxe6 {[%clk 0:15:46]} 27. Qxg6
{[%clk 0:12:30]} Nxd4 {[%clk 0:15:46]} 28. cxd4 {[%clk 0:12:18]} Qc6
{[%clk 0:15:47]} 29. Re1 {[%clk 0:07:19]} Qc2 {[%clk 0:14:15]} 30. Qxc2
{[%clk 0:06:00]} Rxc2 {[%clk 0:14:44]} 31. Nxe6 {[%clk 0:06:22]} Rfc8
{[%clk 0:09:28]} 32. Nf1 {[%clk 0:04:32]} Ne4 {[%clk 0:08:50]} 33. Ne3
{[%clk 0:04:13]} Nxf2 {[%clk 0:06:07]} 34. Nxc2 {[%clk 0:04:13]} Rxc2
{[%clk 0:05:59]} 35. Re3 {[%clk 0:04:00]} Ne4 {[%clk 0:04:38]} 36. Nc7
{[%clk 0:03:23]} Bf6 {[%clk 0:04:11]} 37. Kf1 {[%clk 0:02:20]} Rf2+
{[%clk 0:03:04]} 38. Ke1 {[%clk 0:02:47]} Rxf4 {[%clk 0:03:26]} 39. Nxd5
{[%clk 0:03:10]} Bh4+ {[%clk 0:03:12]} 40. Ke2 {[%clk 0:02:22]} Rf2+
{[%clk 0:03:36]} 41. Kd3 {[%clk 0:02:43]} Nd6 {[%clk 0:02:54]} 42. Re6
{[%clk 0:03:09]} Nf7 {[%clk 0:02:58]} 43. Ne7+ {[%clk 0:01:53]} Kh7
{[%clk 0:02:36]} 44. Nf5 {[%clk 0:02:01]} Bd8 {[%clk 0:01:52]} 45. d5
{[%clk 0:01:01]} g6 {[%clk 0:01:09]} 46. Ne7 {[%clk 0:00:55]} Ng5
{[%clk 0:00:36]} 47. Re3 {[%clk 0:00:53]} Bb6 {[%clk 0:00:45]} 48. Re5
{[%clk 0:00:58]} Rf3+ {[%clk 0:00:48]} 49. Kc4 {[%clk 0:01:19]} Nxh3
{[%clk 0:00:35]} 50. Nxg6 {[%clk 0:01:31]} Kxg6 {[%clk 0:00:38]} 51. Re6+
{[%clk 0:01:41]} Rf6 {[%clk 0:01:03]} 52. Kb5 {[%clk 0:00:37]} Rxe6
{[%clk 0:01:22]} 53. dxe6 {[%clk 0:01:04]} Bd8 {[%clk 0:01:49]} 54. Kc6
{[%clk 0:01:25]} Kf6 {[%clk 0:02:18]} 55. e7 {[%clk 0:01:46]} Bxe7
{[%clk 0:02:43]} 56. g5+ {[%clk 0:02:13]} Nxg5 {[%clk 0:03:02]} 57. Kd5
{[%clk 0:02:39]} Kf5 {[%clk 0:03:16]} 58. Kd4 {[%clk 0:02:47]} Ke6
{[%clk 0:03:45]} 59. Kc4 {[%clk 0:03:06]} Nf3 {[%clk 0:04:08]} 60. Kd3
{[%clk 0:03:20]} Kd5 {[%clk 0:04:32]} 61. Ke3 {[%clk 0:03:46]} Nd4
{[%clk 0:04:30]} 62. Kf4 {[%clk 0:04:06]} Bf6 {[%clk 0:04:46]} 63. Ke3
{[%clk 0:04:30]} Bg5+ {[%clk 0:05:14]} 64. Kf2 {[%clk 0:04:45]} Ke4
{[%clk 0:05:31]} 65. Kg3 {[%clk 0:05:08]} Bf4+ {[%clk 0:05:55]} 66. Kf2
{[%clk 0:05:26]} Kf5 {[%clk 0:05:24]} 67. Kg1 {[%clk 0:05:44]} Kg4
{[%clk 0:05:53]} 68. Kg2 {[%clk 0:06:10]} Bg3 {[%clk 0:06:08]} 69. Kg1
{[%clk 0:06:31]} Kf3 {[%clk 0:05:57]} 70. Kh1 {[%clk 0:06:55]} Bf2
{[%clk 0:05:52]} 71. Kh2 {[%clk 0:07:19]} Ne2 {[%clk 0:06:03]} 72. Kh1
{[%clk 0:07:01]} Ng3+ {[%clk 0:06:25]} 73. Kh2 {[%clk 0:07:27]} Bd4
{[%clk 0:06:47]} 74. Kh3 {[%clk 0:07:46]} Bg1 {[%clk 0:06:10]} 75. Kh4
{[%clk 0:08:11]} Ne4 {[%clk 0:06:06]} 76. Kh5 {[%clk 0:08:38]} Kf4
{[%clk 0:05:58]} 77. Kg6 {[%clk 0:08:57]} Ng5 {[%clk 0:06:15]} 78. Kf6
{[%clk 0:08:44]} Bc5 {[%clk 0:06:34]} 79. Kg6 {[%clk 0:09:09]} Bd4
{[%clk 0:06:30]} 80. Kh5 {[%clk 0:08:45]} Kf5 {[%clk 0:06:36]} 81. Kh6
{[%clk 0:08:42]} Ne6 {[%clk 0:06:36]} 82. Kh5 {[%clk 0:09:09]} Bf2
{[%clk 0:07:00]} 83. Kh6 {[%clk 0:09:34]} Bg3 {[%clk 0:07:22]} 84. Kh5
{[%clk 0:10:01]} Ng7+ {[%clk 0:07:47]} 85. Kh6 {[%clk 0:10:26]} Kf6
{[%clk 0:08:08]} 86. Kh7 {[%clk 0:10:51]} Kf7 {[%clk 0:08:20]} 0-1

[Event "Montcada"]
[Site "Montcada"]
[Date "2018.06.26"]
[Round "2.2"]
[White "Asis Gargatagli, Hipolito"]
[Black "Neelash, Saha"]
[Result "1/2-1/2"]
[BlackElo "2333"]
[WhiteElo "2537"]
[LiveChessVersion "1.4.8"]

1. e4 {[%clk 1:30:57]} c5 {[%clk 1:30:38]} 2. Nf3 {[%clk 1:31:18]} d6
{[%clk 1:31:00]} 3. d4 {[%clk 1:31:32]} cxd4 {[%clk 1:31:25]} 4. Nxd4
{[%clk 1:31:54]} Nf6 {[%clk 1:31:46]} 5. Nc3 {[%clk 1:32:19]} a6 {[%clk 1:32:10]}
6. a3 {[%clk 1:30:09]} e5 {[%clk 1:30:25]} 7. Nf5 {[%clk 1:30:32]} d5
{[%clk 1:24:22]} 8. Bg5 {[%clk 1:30:51]} d4 {[%clk 1:22:39]} 9. Bxf6
{[%clk 1:31:03]} gxf6 {[%clk 1:14:05]} 10. Nb1 {[%clk 1:28:26]} Qb6
{[%clk 1:11:43]} 11. Nd2 {[%clk 1:21:29]} Qxb2 {[%clk 1:01:00]} 12. Bc4
{[%clk 1:20:47]} b5 {[%clk 0:58:43]} 13. Bxf7+ {[%clk 1:11:15]} Kxf7
{[%clk 0:58:17]} 14. Qh5+ {[%clk 1:10:14]} Kg8 {[%clk 0:58:41]} 15. Qg4+
{[%clk 1:10:26]} Kf7 {[%clk 0:58:59]} 16. Qh5+ {[%clk 1:10:53]} Kg8
{[%clk 0:59:23]} 1/2-1/2

[Event "Montcada"]
[Site "Montcada"]
[Date "2018.06.26"]
[Round "2.3"]
[White "Cruz, Filemon"]
[Black "Shyam, Sundar M."]
[Result "0-1"]
[BlackElo "2527"]
[WhiteElo "2314"]
[LiveChessVersion "1.4.8"]

1. e4 {[%clk 1:29:40]} c5 {[%clk 1:22:54]} 2. Nf3 {[%clk 1:29:14]} e6
{[%clk 1:23:15]} 3. d4 {[%clk 1:29:12]} cxd4 {[%clk 1:22:22]} 4. Nxd4
{[%clk 1:29:34]} Nc6 {[%clk 1:22:46]} 5. Nc3 {[%clk 1:29:14]} Qc7
{[%clk 1:22:29]} 6. Be3 {[%clk 1:29:10]} a6 {[%clk 1:22:53]} 7. Qd2
{[%clk 1:29:24]} Nf6 {[%clk 1:23:02]} 8. f3 {[%clk 1:29:23]} Be7 {[%clk 1:15:28]}
9. O-O-O {[%clk 1:28:26]} h5 {[%clk 1:15:49]} 10. Nb3 {[%clk 1:26:04]} b5
{[%clk 1:11:44]} 11. Bc5 {[%clk 1:20:41]} Bxc5 {[%clk 0:58:53]} 12. Nxc5
{[%clk 1:18:33]} Ne5 {[%clk 0:54:28]} 13. Qd4 {[%clk 1:14:50]} Nc6
{[%clk 0:53:29]} 14. Qd2 {[%clk 1:14:24]} Ke7 {[%clk 0:45:54]} 15. Nb3
{[%clk 1:11:54]} d6 {[%clk 0:39:59]} 16. Qg5 {[%clk 1:05:20]} b4 {[%clk 0:39:46]}
17. e5 {[%clk 0:55:32]} Nxe5 {[%clk 0:35:39]} 18. Ne4 {[%clk 0:54:22]} d5
{[%clk 0:32:51]} 19. Nec5 {[%clk 0:47:30]} Ng6 {[%clk 0:30:50]} 20. g3
{[%clk 0:47:18]} a5 {[%clk 0:30:50]} 21. Bb5 {[%clk 0:47:14]} Rd8
{[%clk 0:26:17]} 22. Rhe1 {[%clk 0:45:48]} Kf8 {[%clk 0:26:38]} 23. f4
{[%clk 0:44:36]} Ne7 {[%clk 0:23:56]} 24. h3 {[%clk 0:37:49]} Nf5
{[%clk 0:15:57]} 25. Kb1 {[%clk 0:35:13]} Kg8 {[%clk 0:15:10]} 26. Na4
{[%clk 0:33:06]} Nd6 {[%clk 0:12:57]} 27. Bd3 {[%clk 0:33:04]} Bd7
{[%clk 0:13:23]} 28. Nbc5 {[%clk 0:28:14]} Bxa4 {[%clk 0:13:18]} 29. Nxa4
{[%clk 0:28:38]} Rac8 {[%clk 0:13:10]} 30. Rc1 {[%clk 0:26:45]} Qc6
{[%clk 0:07:34]} 31. b3 {[%clk 0:26:09]} Nde4 {[%clk 0:07:30]} 32. Qh4
{[%clk 0:25:34]} Nc3+ {[%clk 0:05:58]} 33. Nxc3 {[%clk 0:25:10]} Qxc3
{[%clk 0:06:24]} 34. g4 {[%clk 0:23:40]} a4 {[%clk 0:05:01]} 35. bxa4
{[%clk 0:23:13]} Ra8 {[%clk 0:05:28]} 36. Bb5 {[%clk 0:23:06]} Ne4
{[%clk 0:04:19]} 37. Rxe4 {[%clk 0:23:17]} dxe4 {[%clk 0:04:46]} 38. f5
{[%clk 0:22:58]} exf5 {[%clk 0:02:36]} 39. gxf5 {[%clk 0:23:13]} e3
{[%clk 0:02:51]} 40. Qxh5 {[%clk 0:23:23]} Rac8 {[%clk 0:01:59]} 41. Qg4
{[%clk 0:19:40]} Rd4 {[%clk 0:02:24]} 42. Qg3 {[%clk 0:19:30]} Rd1
{[%clk 0:02:34]} 0-1

[Event "Montcada"]
[Site "Montcada"]
[Date "2018.06.26"]
[Round "2.4"]
[White "Oliva Castaneda, Kevel"]
[Black "Mitrabha, Guha"]
[Result "1-0"]
[BlackElo "2330"]
[WhiteElo "2516"]
[LiveChessVersion "1.4.8"]

1. Nf3 {[%clk 1:30:56]} Nf6 {[%clk 1:30:54]} 2. c4 {[%clk 1:31:19]} b6
{[%clk 1:31:42]} 3. g3 {[%clk 1:32:00]} Bb7 4. Bg2 c5 {[%clk 1:32:07]} 5. O-O
{[%clk 1:32:18]} e6 {[%clk 1:32:31]} 6. Nc3 {[%clk 1:32:41]} Be7 {[%clk 1:32:54]}
7. Re1 {[%clk 1:33:01]} Nc6 8. e4 {[%clk 1:33:21]} O-O {[%clk 1:33:40]} 9. d4
{[%clk 1:33:41]} Nxd4 {[%clk 1:34:02]} 10. Nxd4 {[%clk 1:34:04]} cxd4
{[%clk 1:34:29]} 11. Qxd4 {[%clk 1:34:24]} Bc5 {[%clk 1:34:56]} 12. Qd1
{[%clk 1:34:43]} e5 {[%clk 1:35:22]} 13. Be3 {[%clk 1:35:09]} Bb4
{[%clk 1:35:32]} 14. Bd2 {[%clk 1:35:32]} Rc8 {[%clk 1:34:36]} 15. b3
{[%clk 1:35:57]} a6 {[%clk 1:34:07]} 16. a3 {[%clk 1:16:27]} Bc5 {[%clk 1:33:59]}
17. Be3 {[%clk 1:16:49]} Qe7 {[%clk 1:30:54]} 18. Bxc5 {[%clk 1:13:46]} bxc5
{[%clk 1:29:54]} 19. Qd2 {[%clk 1:12:48]} Rb8 {[%clk 1:27:26]} 20. Rab1
{[%clk 1:12:15]} Bc6 {[%clk 1:24:13]} 21. Rb2 {[%clk 1:06:10]} Qd8
{[%clk 1:22:32]} 22. b4 {[%clk 1:04:46]} cxb4 {[%clk 1:13:59]} 23. axb4
{[%clk 1:04:36]} Qc7 {[%clk 1:13:34]} 24. Ra1 {[%clk 0:59:16]} Ba8
{[%clk 1:07:20]} 25. c5 {[%clk 0:56:47]} d6 {[%clk 0:59:02]} 26. cxd6
{[%clk 0:51:43]} Qc6 {[%clk 0:57:38]} 27. Rba2 {[%clk 0:45:41]} Bb7
{[%clk 0:56:03]} 28. Ra5 {[%clk 0:45:51]} Rfe8 {[%clk 0:44:32]} 29. Rc5
{[%clk 0:43:44]} Qb6 {[%clk 0:44:26]} 30. Na4 {[%clk 0:40:18]} Qd8
{[%clk 0:44:51]} 31. f3 {[%clk 0:39:30]} Bc8 {[%clk 0:34:17]} 32. Rc2
{[%clk 0:27:30]} Bd7 {[%clk 0:31:32]} 33. Nc5 {[%clk 0:27:46]} Bb5
{[%clk 0:31:30]} 34. Bf1 {[%clk 0:24:26]} Bxf1 {[%clk 0:18:56]} 35. Kxf1
{[%clk 0:24:32]} Qb6 {[%clk 0:18:06]} 36. Rxa6 {[%clk 0:21:13]} Qb5+
{[%clk 0:17:39]} 37. Kf2 {[%clk 0:19:09]} Red8 {[%clk 0:17:40]} 38. d7
{[%clk 0:17:14]} Qxb4 {[%clk 0:15:08]} 39. Qxb4 {[%clk 0:17:08]} Rxb4
{[%clk 0:15:36]} 40. Nd3 {[%clk 0:12:32]} Rbb8 {[%clk 0:14:22]} 41. Nxe5
{[%clk 0:12:47]} Nxd7 {[%clk 0:14:44]} 42. Nc6 {[%clk 0:12:42]} Ra8
{[%clk 0:15:10]} 43. Nxd8 {[%clk 0:11:12]} Rxa6 {[%clk 0:15:34]} 44. Rc7
{[%clk 0:09:54]} Nf8 {[%clk 0:13:15]} 45. h4 {[%clk 0:07:58]} Ra2+
{[%clk 0:12:30]} 46. Kf1 {[%clk 0:07:29]} Ra3 {[%clk 0:11:52]} 47. Kg2
{[%clk 0:07:33]} Ra2+ {[%clk 0:12:20]} 48. Kh3 {[%clk 0:07:47]} Ra3
{[%clk 0:12:35]} 49. f4 {[%clk 0:06:41]} h5 {[%clk 0:11:22]} 50. f5
{[%clk 0:05:39]} Re3 {[%clk 0:10:38]} 51. Re7 {[%clk 0:04:59]} g6
{[%clk 0:08:24]} 52. f6 {[%clk 0:03:18]} g5 {[%clk 0:03:24]} 53. hxg5
{[%clk 0:02:52]} Ng6 {[%clk 0:02:49]} 54. Rxf7 {[%clk 0:03:00]} Nf4+
{[%clk 0:01:06]} 55. Kh4 {[%clk 0:03:24]} Ne6 {[%clk 0:01:25]} 56. Re7
{[%clk 0:02:12]} Nxd8 {[%clk 0:00:45]} 57. Re8+ {[%clk 0:02:31]} Kh7
{[%clk 0:01:11]} 58. Kxh5 {[%clk 0:02:38]} Rxg3 {[%clk 0:01:26]} 59. g6+
{[%clk 0:02:57]} 1-0

[Event "Montcada"]
[Site "Montcada"]
[Date "2018.06.26"]
[Round "2.5"]
[White "Munoz, Miguel"]
[Black "Kulkarni, Chinmay"]
[Result "1/2-1/2"]
[BlackElo "2281"]
[WhiteElo "2494"]
[LiveChessVersion "1.4.8"]

1. e4 {[%clk 1:13:05]} c5 {[%clk 1:30:25]} 2. Nf3 {[%clk 1:13:00]} Nc6
{[%clk 1:30:47]} 3. Bb5 {[%clk 1:13:17]} Nf6 {[%clk 1:31:09]} 4. Nc3
{[%clk 1:11:57]} g6 {[%clk 1:31:32]} 5. O-O {[%clk 1:10:15]} Bg7 {[%clk 1:31:46]}
6. Bxc6 {[%clk 1:09:31]} dxc6 {[%clk 1:32:11]} 7. d3 {[%clk 1:09:50]} O-O
{[%clk 1:32:33]} 8. Be3 {[%clk 1:10:08]} b6 {[%clk 1:32:58]} 9. h3
{[%clk 1:09:58]} h6 {[%clk 1:29:17]} 10. a4 {[%clk 1:07:29]} a5 {[%clk 1:29:00]}
11. Nd2 {[%clk 1:04:16]} e5 {[%clk 1:21:47]} 12. Nc4 {[%clk 0:56:09]} Nd7
{[%clk 1:17:34]} 13. Qd2 {[%clk 0:56:00]} Kh7 {[%clk 1:15:52]} 14. f4
{[%clk 0:55:32]} exf4 {[%clk 1:14:31]} 15. Bxf4 {[%clk 0:55:30]} Ba6
{[%clk 1:14:50]} 16. Ne3 {[%clk 0:49:27]} Qe7 {[%clk 1:11:40]} 17. b3
{[%clk 0:44:01]} Ne5 {[%clk 1:09:33]} 18. Rab1 {[%clk 0:39:14]} Rad8
{[%clk 1:09:39]} 19. Ne2 {[%clk 0:39:07]} Nxd3 {[%clk 0:50:16]} 20. cxd3
{[%clk 0:37:50]} Rxd3 {[%clk 0:50:24]} 21. Qc2 {[%clk 0:33:06]} Qxe4
{[%clk 0:49:08]} 22. Ng3 {[%clk 0:32:34]} Qd4 {[%clk 0:48:34]} 23. Ne2
{[%clk 0:31:33]} Qe4 {[%clk 0:46:10]} 24. Ng3 {[%clk 0:30:58]} Qd4
{[%clk 0:46:13]} 1/2-1/2

[Event "Montcada"]
[Site "Montcada"]
[Date "2018.06.26"]
[Round "2.6"]
[White "Harsha, Bharathakoti"]
[Black "Uribe Arteaga, Daniel"]
[Result "1-0"]
[BlackElo "2274"]
[WhiteElo "2471"]
[LiveChessVersion "1.4.8"]

1. Nf3 {[%clk 1:21:14]} d6 {[%clk 1:30:47]} 2. d4 {[%clk 1:20:41]} Bg4
{[%clk 1:31:07]} 3. e4 {[%clk 1:15:35]} Nf6 {[%clk 1:31:16]} 4. Nc3
{[%clk 1:14:45]} c6 {[%clk 1:31:36]} 5. Be2 {[%clk 1:13:23]} e6 {[%clk 1:31:56]}
6. O-O {[%clk 1:07:25]} d5 {[%clk 1:30:59]} 7. e5 {[%clk 1:07:41]} Nfd7
{[%clk 1:29:02]} 8. Ng5 {[%clk 0:59:10]} Bxe2 {[%clk 1:22:36]} 9. Qxe2
{[%clk 0:59:20]} Be7 {[%clk 1:22:50]} 10. Qg4 {[%clk 0:55:27]} O-O
{[%clk 1:10:46]} 11. Ne2 {[%clk 0:47:09]} c5 {[%clk 1:10:18]} 12. c3
{[%clk 0:47:33]} Nc6 {[%clk 1:10:36]} 13. Rd1 {[%clk 0:46:19]} cxd4
{[%clk 0:48:38]} 14. cxd4 {[%clk 0:46:20]} Rc8 {[%clk 0:49:06]} 15. h4
{[%clk 0:37:29]} Kh8 {[%clk 0:23:48]} 16. Nf4 {[%clk 0:26:35]} Bxg5
{[%clk 0:18:52]} 17. hxg5 {[%clk 0:27:00]} Ne7 {[%clk 0:17:45]} 18. Rd3
{[%clk 0:21:44]} g6 {[%clk 0:17:00]} 19. Bd2 {[%clk 0:19:10]} Re8
{[%clk 0:15:17]} 20. Rb3 {[%clk 0:16:22]} b6 {[%clk 0:14:46]} 21. Rh3
{[%clk 0:12:54]} Nf5 {[%clk 0:14:21]} 22. Bc3 {[%clk 0:09:00]} a5
{[%clk 0:12:00]} 23. a4 {[%clk 0:07:19]} Rc4 {[%clk 0:08:37]} 24. b3
{[%clk 0:07:42]} Rc6 {[%clk 0:07:50]} 25. Ne2 {[%clk 0:08:03]} Kg7
{[%clk 0:03:45]} 26. Qf4 {[%clk 0:07:34]} Qc8 {[%clk 0:02:39]} 27. g4
{[%clk 0:07:42]} Ne7 {[%clk 0:02:25]} 28. Rxh7+ {[%clk 0:07:45]} 1-0

[Event "Montcada"]
[Site "Montcada"]
[Date "2018.06.26"]
[Round "2.7"]
[White "Ryan, Joseph"]
[Black "Cori Quispe, Kevin Joel"]
[Result "1/2-1/2"]
[BlackElo "2468"]
[WhiteElo "2274"]
[LiveChessVersion "1.4.8"]

1. e4 {[%clk 1:30:57]} c5 {[%clk 1:24:49]} 2. Nf3 {[%clk 1:31:16]} e6
{[%clk 1:25:12]} 3. c3 {[%clk 1:31:33]} Nf6 {[%clk 1:25:18]} 4. e5
{[%clk 1:31:50]} Nd5 {[%clk 1:25:41]} 5. Bc4 {[%clk 1:32:06]} d6 {[%clk 1:22:22]}
6. O-O {[%clk 1:29:26]} Nc6 {[%clk 1:21:48]} 7. d4 {[%clk 1:28:02]} cxd4
{[%clk 1:18:50]} 8. cxd4 {[%clk 1:27:39]} Be7 {[%clk 1:19:10]} 9. Qe2
{[%clk 1:20:04]} O-O {[%clk 1:19:26]} 10. Nc3 {[%clk 1:16:45]} dxe5
{[%clk 1:17:24]} 11. dxe5 {[%clk 1:16:00]} Nxc3 {[%clk 1:17:38]} 12. bxc3
{[%clk 1:16:24]} Qc7 {[%clk 1:13:24]} 13. Qe4 {[%clk 1:15:50]} b6
{[%clk 1:08:57]} 14. Bd3 {[%clk 1:14:45]} g6 {[%clk 1:09:18]} 15. Bh6
{[%clk 1:04:54]} Rd8 {[%clk 1:09:06]} 16. Bc2 {[%clk 1:03:49]} Bb7
{[%clk 0:53:03]} 17. Qf4 {[%clk 1:01:27]} Rd5 {[%clk 0:50:16]} 18. Bb3
{[%clk 0:59:20]} Rc5 {[%clk 0:49:57]} 19. Rfe1 {[%clk 0:52:35]} Bf8
{[%clk 0:47:18]} 20. Bxf8 {[%clk 0:47:39]} Rxf8 {[%clk 0:47:41]} 21. Qh6
{[%clk 0:47:35]} Rxe5 {[%clk 0:41:24]} 22. Nxe5 {[%clk 0:27:41]} Nxe5
{[%clk 0:41:43]} 23. Qe3 {[%clk 0:27:48]} Ng4 {[%clk 0:35:45]} 24. Qg3
{[%clk 0:27:51]} Qxg3 {[%clk 0:36:06]} 25. hxg3 {[%clk 0:28:03]} Nf6
{[%clk 0:35:46]} 26. f3 {[%clk 0:27:31]} Kg7 {[%clk 0:35:12]} 27. Rad1
{[%clk 0:23:51]} Rc8 {[%clk 0:35:25]} 28. Re3 {[%clk 0:24:09]} h5
{[%clk 0:35:20]} 29. Kf2 {[%clk 0:24:28]} Kf8 {[%clk 0:34:14]} 30. Rd4
{[%clk 0:24:18]} Bd5 {[%clk 0:32:41]} 31. Red3 {[%clk 0:22:53]} Ke7
{[%clk 0:32:33]} 32. Ke1 {[%clk 0:22:09]} Rc5 {[%clk 0:31:46]} 33. Bxd5
{[%clk 0:22:01]} Nxd5 {[%clk 0:32:07]} 34. Kd2 {[%clk 0:21:44]} Ra5
{[%clk 0:25:31]} 35. a4 {[%clk 0:21:47]} Rc5 {[%clk 0:24:54]} 36. Kc2
{[%clk 0:21:13]} Nf6 {[%clk 0:22:31]} 37. f4 {[%clk 0:18:43]} Rc7
{[%clk 0:12:41]} 38. Kb3 {[%clk 0:18:27]} Nd7 {[%clk 0:12:50]} 39. Rd1
{[%clk 0:17:47]} Nc5+ {[%clk 0:11:41]} 40. Kb4 {[%clk 0:17:16]} f6
{[%clk 0:10:29]} 41. Rd8 {[%clk 0:16:48]} e5 {[%clk 0:08:16]} 42. fxe5
{[%clk 0:16:27]} fxe5 {[%clk 0:08:41]} 43. Rh8 {[%clk 0:15:29]} Kf6
{[%clk 0:05:23]} 44. Rd6+ {[%clk 0:14:19]} Kg7 {[%clk 0:05:37]} 45. Rdd8
{[%clk 0:14:11]} Ne4 {[%clk 0:04:00]} 46. Rc8 {[%clk 0:13:36]} Rd7
{[%clk 0:02:43]} 47. Rcd8 {[%clk 0:12:20]} Rc7 {[%clk 0:02:21]} 48. Rc8
{[%clk 0:12:44]} Rd7 {[%clk 0:00:48]} 49. Rcd8 {[%clk 0:12:57]} Rc7 50. Rc8 a5+
51. Kb3 1/2-1/2

[Event "Montcada"]
[Site "Montcada"]
[Date "2018.06.26"]
[Round "2.8"]
[White "Iniyan, P"]
[Black "Gomez Jurado, Luis Alberto"]
[Result "1-0"]
[BlackElo "2273"]
[WhiteElo "2460"]
[LiveChessVersion "1.4.8"]

1. d4 d5 2. c4 c6 3. Nf3 Nf6 4. Nc3 e6 5. g3 Nbd7 6. Bg2 dxc4 7. O-O Be7 8. e4
O-O 9. Qe2 e5 10. dxe5 Ng4 11. Bf4 Qa5 12. e6 fxe6 13. e5 Nc5 14. h3 Nh6 15. Bxh6
gxh6 16. Qxc4 Kh8 17. Rfd1 b5 18. Qg4 b4 19. Ne2 Rf5 20. Nfd4 h5 21. Nxc6 Qa6 22.
Qd4 Bf8 23. Nxb4 Qxe2 24. Bxa8 Nd7 25. Nd3 Bg7 26. Rac1 Rf8 27. Nf4 Qa6 28. Qe4
Nxe5 29. Nxh5 Qb6 30. Rc2 Nf3+ 31. Qxf3 Rxf3 32. Bxf3 Ba6 33. Rc6 1-0

[Event "Montcada"]
[Site "Montcada"]
[Date "2018.06.26"]
[Round "2.9"]
[White "Akash Pc, Iyer"]
[Black "Sauravh, Khherdekar"]
[Result "1-0"]
[BlackElo "2244"]
[WhiteElo "2435"]
[LiveChessVersion "1.4.8"]

1. d4 {[%clk 1:30:57]} e6 {[%clk 1:30:43]} 2. c4 {[%clk 1:31:13]} f5
{[%clk 1:30:58]} 3. g3 {[%clk 1:31:30]} Nf6 {[%clk 1:31:20]} 4. Bg2
{[%clk 1:31:54]} d5 {[%clk 1:31:14]} 5. Nh3 {[%clk 1:32:13]} Bd6 {[%clk 1:30:22]}
6. O-O {[%clk 1:32:09]} O-O {[%clk 1:30:35]} 7. b3 {[%clk 1:28:58]} c6
{[%clk 1:27:43]} 8. Ba3 {[%clk 1:27:58]} Bxa3 {[%clk 1:27:39]} 9. Nxa3
{[%clk 1:28:20]} Qe7 {[%clk 1:27:02]} 10. Nc2 {[%clk 1:28:33]} b6
{[%clk 1:24:40]} 11. Nf4 {[%clk 1:12:55]} Bb7 {[%clk 1:24:32]} 12. Ne3
{[%clk 1:09:11]} Nbd7 {[%clk 1:19:14]} 13. Qc1 {[%clk 1:09:01]} Rac8
{[%clk 1:17:10]} 14. Qb2 {[%clk 1:09:20]} Ne4 {[%clk 1:15:44]} 15. h4
{[%clk 1:04:48]} Ndf6 {[%clk 1:14:41]} 16. Rac1 {[%clk 1:04:09]} Rfe8
{[%clk 1:06:58]} 17. b4 {[%clk 0:54:07]} c5 {[%clk 1:01:07]} 18. bxc5
{[%clk 0:18:56]} bxc5 {[%clk 1:00:09]} 19. Nd3 {[%clk 0:18:45]} f4
{[%clk 0:51:58]} 20. gxf4 {[%clk 0:17:40]} dxc4 {[%clk 0:50:55]} 21. Nxc4
{[%clk 0:16:15]} Bd5 {[%clk 0:50:16]} 22. dxc5 {[%clk 0:05:28]} Nxc5
{[%clk 0:48:47]} 23. Nxc5 {[%clk 0:05:37]} Bxg2 {[%clk 0:48:01]} 24. Kxg2
{[%clk 0:05:58]} Rxc5 {[%clk 0:47:47]} 25. Ne5 {[%clk 0:06:22]} Nd5
{[%clk 0:46:56]} 26. e3 {[%clk 0:03:34]} Rxc1 {[%clk 0:46:55]} 27. Rxc1
{[%clk 0:03:58]} Qxh4 {[%clk 0:46:43]} 28. Qb7 {[%clk 0:03:30]} Qh5
{[%clk 0:36:05]} 29. Rh1 {[%clk 0:02:39]} Qf5 {[%clk 0:35:23]} 30. Rh3
{[%clk 0:02:23]} a5 {[%clk 0:27:04]} 31. Rg3 {[%clk 0:02:35]} g6 {[%clk 0:26:50]}
32. Ng4 {[%clk 0:01:49]} Qe4+ {[%clk 0:24:50]} 33. Kh2 {[%clk 0:01:52]} Qc2
{[%clk 0:23:39]} 34. Rg2 {[%clk 0:01:09]} Re7 {[%clk 0:21:15]} 35. Qb8+
{[%clk 0:01:32]} Qc3 1-0

[Event "Montcada"]
[Site "Montcada"]
[Date "2018.06.26"]
[Round "2.10"]
[White "Gorti, Akshita"]
[Black "Himanshu, Sharma"]
[Result "1/2-1/2"]
[BlackElo "2420"]
[WhiteElo "2258"]
[LiveChessVersion "1.4.8"]

1. Nf3 {[%clk 1:30:56]} d5 {[%clk 1:30:38]} 2. e3 {[%clk 1:31:18]} Nf6
{[%clk 1:30:27]} 3. c4 {[%clk 1:31:38]} c6 {[%clk 1:28:44]} 4. Nc3
{[%clk 1:31:56]} g6 {[%clk 1:25:59]} 5. d4 {[%clk 1:31:47]} Bg7 {[%clk 1:26:21]}
6. Be2 {[%clk 1:31:49]} O-O {[%clk 1:26:42]} 7. O-O {[%clk 1:32:07]} Bg4
{[%clk 1:24:11]} 8. cxd5 {[%clk 1:31:02]} cxd5 {[%clk 1:24:32]} 9. Qb3
{[%clk 1:31:13]} b6 {[%clk 1:24:26]} 10. h3 {[%clk 1:27:21]} Bc8 11. Ne5
{[%clk 1:27:21]} Bb7 12. Bd2 {[%clk 1:27:21]} Nc6 13. Nxc6 {[%clk 1:27:21]} Bxc6
14. Rfc1 {[%clk 1:27:21]} Qd7 15. a4 {[%clk 1:27:21]} Rfc8 16. a5
{[%clk 1:27:21]} Rab8 17. Ba6 {[%clk 1:27:21]} Rd8 18. Qc2 {[%clk 1:27:21]} e6
19. Na4 {[%clk 1:27:21]} Bb5 20. Bxb5 {[%clk 1:27:21]} Qxb5 21. axb6
{[%clk 1:27:21]} axb6 22. Nc3 {[%clk 1:27:21]} Qd7 23. Qd3 {[%clk 1:27:21]} b5
24. Na2 {[%clk 1:27:21]} Ne4 25. Nb4 {[%clk 1:27:21]} Ra8 26. Be1
{[%clk 1:27:21]} Bf8 27. Qe2 {[%clk 1:27:21]} Ra4 28. Nd3 {[%clk 1:27:21]} Rda8
29. Rxa4 {[%clk 1:27:21]} bxa4 30. Ne5 {[%clk 1:27:21]} Qb7 31. Qc2
{[%clk 1:27:21]} Nd6 32. Bc3 {[%clk 1:27:21]} Qb5 33. Ra1 {[%clk 1:27:21]} Ne4
34. Be1 {[%clk 1:27:21]} Bd6 35. Nd3 {[%clk 1:27:21]} Be7 36. Ne5
{[%clk 1:27:21]} Nd6 37. Bc3 {[%clk 1:27:21]} Kg7 38. f3 {[%clk 1:27:21]} f6 39.
Nd3 {[%clk 1:27:21]} Nc4 40. e4 {[%clk 1:27:21]} Bd6 41. Qe2 {[%clk 1:27:21]} Kf7
42. e5 {[%clk 1:27:21]} fxe5 43. dxe5 {[%clk 1:27:21]} Bc5+ 44. Nxc5
{[%clk 1:27:21]} Qxc5+ 45. Qf2 {[%clk 1:27:21]} Qxf2+ 46. Kxf2 {[%clk 1:27:21]}
Nb6 47. Bd4 {[%clk 1:27:21]} Rb8 48. g4 {[%clk 1:27:21]} g5 49. Kg3
{[%clk 1:27:21]} h6 50. h4 {[%clk 1:27:21]} Rb7 51. h5 {[%clk 1:27:21]} 1/2-1/2